000 00793nam a2200241 a 4500
001 69845
003 BD-RjUL
005 20220901094246.0
008 190227r2019 bg 001 0 ben d
035 _a(BD-RjUL)70057
040 _aZMM
_cZMM
_dUKM
_dBD-RjUL
_beng
041 _aben
082 0 4 _a297
_223
_bHAS 2019
090 _aTS250
_b.D5
100 1 _aহক, মোঃ হামিদুল
_9206867
245 1 0 _aসত্যানুসন্ধান /
_cমোঃ হামিদুল হক
250 _a৩য় সংস্করণ
260 _aরাজশাহী :
_bমোঃ হামিদুল হক,
_c২০১৯
300 _a১৭৬ পৃ . ;
_b
_c২৩ সেমি
650 _aইসলাম
_9228683
650 _aIslam
_9228684
942 _2ddc
_cBK
999 _c69845
_d69845